|
|
|
|
| LEADER |
00709nam a2200193 a 4500 |
| 001 |
000629220 |
| 003 |
CZ BrMZK |
| 005 |
20021011132909.0 |
| 008 |
021010s1965 gw f ger d |
| 040 |
|
|
|a BOA001
|b cze
|c BOA001
|
| 100 |
1 |
|
|a Souček, Josef Bohumil,
|d 1902-1972
|7 jk01120469
|4 aut
|
| 245 |
1 |
0 |
|a In memoriam Prof. D. Werner Schmauch /
|c Gedenkrede Josef Bohumil Souček
|
| 260 |
|
|
|a Greifswald :
|b E.-M. Arndt Universität,
|c 1965
|
| 300 |
|
|
|a 24 s.
|
| 490 |
1 |
|
|a Greifswalder Universitätsreden : neue Folge ;
|v Nr. 22
|
| 830 |
|
0 |
|a Greifswalder Universitätsreden
|
| 910 |
|
|
|a BOA001
|b X-0594.445
|
| 990 |
|
|
|a BK
|
| 996 |
7 |
|
|b 2618923239
|c X-0594.445
|l MZK
|r Sklad / do 24 hodin
|n 0
|w 000629220
|u 000010
|a 1
|e BOA001
|j MZK50
|s A
|